[Event "African Junior Chess Championship 2022 - Open"]
[Site "Hotel Raya - Tichy - Bejaia "]
[Date "2022.11.19"]
[Round "9"]
[Board "3"]
[White "Zane, Rayane"]
[Black "Mohamed Abderrahim, Taleb Mohamed"]
[Result "0-1"]
[WhiteElo "2032"]
[BlackElo "2064"]
[PlyCount "56"]
[EventDate "2022.11.13"]
[EventRounds "9"]
[EventCountry "ALG"]

1. d4 d5 2. Bf4 c5 3. e3 Nc6 4. c3 Qb6 5. Qb3 c4 6. Qc2 Nf6 7. Nd2 g6 8. e4 Nxe4
9. Nxe4 dxe4 10. Bxc4 Bf5 11. d5 e3 12. Qe2 exf2+ 13. Qxf2 Na5 14. Be3 Qc7 15. Bb5+
Bd7 16. Bxd7+ Qxd7 17. Bd4 f6 18. Rd1 Qxd5 19. Ne2 O-O-O 20. c4 Nxc4 21. Rc1 Bh6
22. Rc2 e5 23. b3 exd4 24. Qg3 Qe5 25. Rxc4+ Kb8 26. O-O d3 27. Rxf6 Qxg3 28. Nxg3
d2  0-1

[Event "African Junior Chess Championship 2022 - Open"]
[Site "Hotel Raya - Tichy - Bejaia "]
[Date "2022.11.19"]
[Round "9"]
[Board "4"]
[White "Hallal, Tarik"]
[Black "Emmanuel, Joy Idara"]
[Result "0-1"]
[WhiteElo "1890"]
[BlackElo "2114"]
[PlyCount "23"]
[EventDate "2022.11.13"]
[EventRounds "9"]
[EventCountry "ALG"]

1. e4 c5 2. Nf3 d6 3. d4 cxd4 4. Nxd4 Nf6 5. Nc3 a6 6. Bg5 e6 7. f4 Be7 8. Qf3 Qc7
9. O-O-O Nbd7 10. Bd3 h6 11. Bh4 g5 12. fxg5  0-1

[Event "African Junior Chess Championship 2022 - Open"]
[Site "Hotel Raya - Tichy - Bejaia "]
[Date "2022.11.19"]
[Round "9"]
[Board "6"]
[White "Bidi, Abdeljalil"]
[Black "Babahammou, Otmane"]
[Result "1-0"]
[WhiteElo "1777"]
[BlackElo "1328"]
[PlyCount "107"]
[EventDate "2022.11.13"]
[EventRounds "9"]
[EventCountry "ALG"]

1. e4 c5 2. Nf3 d6 3. d4 cxd4 4. Nxd4 Nf6 5. Nc3 a6 6. Be2 e5 7. Nb3 Be6 8. f4 Nbd7
9. f5 Bxb3 10. axb3 h6 11. O-O Be7 12. Be3 Rc8 13. g4 Nh7 14. Bf3 Rc6 15. Nd5 Ng5
16. Bg2 f6 17. h4 Nf7 18. Qd2 Qc8 19. c3 Bd8 20. Kf2 a5 21. Ra3 b5 22. b4 a4 23.
Rfa1 Nb6 24. Nxb6 Bxb6 25. Bf1 Qb7 26. Qd5 Bxe3+ 27. Kxe3 Rb6 28. Qxb7 Rxb7 29. b3
axb3 30. Rxb3 Ke7 31. Ra5 Rhb8 32. Rba3 Nd8 33. Ra7 Nc6 34. R7a6 Nd8 35. Bd3 Kd7
36. Kd2 Rb6 37. Ra7+ R8b7 38. R3a6 Kc6 39. Bc2 Kc7 40. Bb3 Nc6 41. Rxb7+ Rxb7 42.
Rxc6+ Kxc6 43. Bd5+ Kb6 44. Bxb7 Kxb7 45. Kd3 Kc6 46. c4 bxc4+ 47. Kxc4 Kb6 48. Kd5
Kb5 49. Kxd6 Kxb4 50. Ke7 Kc4 51. Kf7 Kd4 52. Kxg7 Kxe4 53. Kxf6 Kf4 54. Kg6  1-0

[Event "African Junior Chess Championship 2022 - Open"]
[Site "Hotel Raya - Tichy - Bejaia "]
[Date "2022.11.19"]
[Round "9"]
[Board "7"]
[White "Nhamuave, Eleazar"]
[Black "Zouari, Mohanned"]
[Result "1/2-1/2"]
[WhiteElo "1706"]
[BlackElo "1661"]
[PlyCount "56"]
[EventDate "2022.11.13"]
[EventRounds "9"]
[EventCountry "ALG"]

1. d4 Nf6 2. c4 e6 3. Nf3 d5 4. g3 Be7 5. Bg2 O-O 6. O-O dxc4 7. Ne5 Nc6 8. Nxc6
bxc6 9. Bxc6 Rb8 10. Nc3 Bb7 11. Bxb7 Rxb7 12. Rb1 c5 13. dxc5 Bxc5 14. Bg5 h6 15.
Bxf6 Qxf6 16. Ne4 Qe5 17. Nxc5 Qxc5 18. Qc2 Qe5 19. Qxc4 Rxb2 20. Rxb2 Qxb2 21. Rd1
Qb7 22. a4 Rc8 23. Qd3 a5 24. Rb1 Qc7 25. Rb5 Re8 26. Kh1 Kh8 27. Kg1 Kg8 28. Kh1
Kh8  1/2-1/2

[Event "African Junior Chess Championship 2022 - Open"]
[Site "Hotel Raya - Tichy - Bejaia "]
[Date "2022.11.19"]
[Round "9"]
[Board "8"]
[White "Abdellahi, Khaled Abdellahi"]
[Black "Adrar, Sofiane"]
[Result "1-0"]
[WhiteElo "1629"]
[BlackElo "1654"]
[PlyCount "96"]
[EventDate "2022.11.13"]
[EventRounds "9"]
[EventCountry "ALG"]

1. d4 Nf6 2. Bf4 d5 3. e3 e6 4. Nf3 Bd6 5. Bg3 O-O 6. Bd3 c5 7. c3 b6 8. Nfd2 Bb7
9. Qe2 Ne4 10. Bxd6 Qxd6 11. O-O Nd7 12. Rd1 cxd4 13. exd4 f5 14. a4 a6 15. Re1 Qf4
16. Qe3 Qxe3 17. Rxe3 Rfe8 18. Bc2 Rac8 19. Nxe4 dxe4 20. Nd2 Nf6 21. Bb3 Kf8 22.
g3 Re7 23. Ra3 Bd5 24. h3 g5 25. Bxd5 Nxd5 26. Re1 e5 27. dxe5 Rxe5 28. Nf3 Re7 29.
Nd4 f4 30. Nf5 Re5 31. Nd6 Rc6 32. Rxe4 Rxe4 33. Nxe4 h6 34. Ra1 Re6 35. Rd1 Rxe4
36. Rxd5 fxg3 37. fxg3 Ke7 38. Rd4 Re5 39. Kf2 Ke6 40. Rb4 b5 41. axb5 axb5 42. Rd4
Rf5+ 43. Ke3 Re5+ 44. Re4 Kd5 45. Rxe5+ Kxe5 46. b3 h5 47. Kd3 g4 48. hxg4 hxg4  1-0